Statistics for Asiana Airlines Destinations-Seoul Incheon

Click here to take the quiz!

General Stats

  • This quiz has been taken 30 times
  • The average score is 44 of 64

Answer Stats

Country Airport % Correct
AustraliaSydney
100%
Hong KongHong Kong
100%
ItalyRome
100%
ChinaShanghai
100%
JapanTokyo-Haneda
100%
JapanTokyo-Narita
100%
PhilippinesManila
100%
SingaporeSingapore
100%
IndonesiaJakarta
100%
ThailandBangkok
100%
USALos Angeles
100%
USANew York
100%
ChinaBeijing
100%
UKLondon
96%
USASan Francisco
96%
USASeattle
96%
JapanOsaka
96%
TaiwanTaipei
96%
VietnamHo Chi Minh City
96%
VietnamHanoi
91%
TurkeyIstanbul
91%
SpainBarcelona
91%
USAChicago
91%
PhilippinesCebu
87%
ItalyVenice
87%
ChinaGuangzhou
87%
IndiaDelhi
87%
FranceParis
87%
JapanSapporo
83%
ThailandPhuket
83%
UzbekistanTashkent
83%
GermanyFrankfurt
83%
CambodiaPhnom Penh
83%
South KoreaBusan
78%
KazakhstanAlmaty
78%
ChinaXi'an
74%
ChinaChongqing
70%
ChinaTianjin
70%
USAHonolulu
70%
ChinaQingdao
65%
ChinaNanjing
65%
ChinaChengdu
65%
JapanNagoya
65%
ChinaShenzhen
61%
ChinaHangzhou
57%
JapanFukuoka
57%
ChinaHarbin
52%
JapanSendai
48%
VietnamDa Nang
43%
ChinaChangsha
35%
JapanNaha
35%
PhilippinesAngeles City
30%
PalauAirai
30%
ChinaDalian
26%
USASaipan
17%
RussiaYuzhno-Sakhalinsk
13%
RussiaKhabarovsk
13%
ChinaChangchun
13%
ChinaYantai
13%
ChinaGuilin
9%
JapanMiyazaki
9%
ChinaYanji
4%
ChinaYancheng
4%
ChinaWeihai
0%

Score Distribution

Percentile by Number Answered

Percent of People with Each Score

Your Score History

You have not taken this quiz